| 000 | 01137nam a2200301 i 4500 | ||
|---|---|---|---|
| 003 | DO-SdBNP | ||
| 005 | 20250709121712.0 | ||
| 007 | ta | ||
| 008 | 240322e2018 dr ||||frf||| 00| 0 spa d | ||
| 040 |
_aDO-SdBNP _bspa _cBNPHU _erda |
||
| 082 | 4 |
_a378.1012 _bU58g 2018 _222 |
|
| 110 | 1 |
_cUniversidad Abierta para Adultos (República Dominicana) _979861 |
|
| 245 | 1 | 0 |
_a53º Quincuagésima tercera graduación ordinaria : _bprograma / _cpresentación Ángel Hernández. |
| 246 | 0 | 4 | _aQuincuagésima tercera graduación / |
| 260 |
_aSanto Domingo Este, República Dominicana : _bUAPA, _c2018. |
||
| 300 |
_a546 páginas _c22 cm. |
||
| 336 |
_2rdacontent _atexto _btxt |
||
| 337 |
_2rdamedia _asin mediación _bn |
||
| 338 |
_2rdacarrier _avolumen _bnc |
||
| 590 | _aInventariado 2024 / YL | ||
| 650 | 4 |
_aTítulos académicos _981657 |
|
| 650 | 4 |
_aEgresados universitarios _981658 |
|
| 650 | 0 |
_aEducación superior _zRepública Dominicana _9736 |
|
| 650 | 0 |
_aUniversidades _zRepública Dominicana _985564 |
|
| 700 | 1 |
_911092 _aHernández, Ángel, _4presentación |
|
| 910 | _aYLockward/Validado. Control de calidad MFF | ||
| 942 |
_2ddc _cLBS1 |
||
| 999 |
_c56187 _d56187 |
||